Bases de datos de A.D.N. y genética forense: nuevos desafíos para la tutela de los derechos fundamentales (Registro nro. 11503)
[ vista simple ]
| 000 -Cabecera | |
|---|---|
| Campo de control de longitud fija | 01079nam a22003497a 4500 |
| 005 - Fecha y hora de la última transacción | |
| Campo de control | 20240516164134.0 |
| 008 - Elementos de longitud fija--Información general | |
| Campo de control de longitud fija | 190109b xxu||||| |||| 00| 0 spa d |
| 020 ## - International Standard Book Number | |
| Número Internacional Estándar del Libro (ISBN) | 9789977134796 |
| 041 ## - Idioma | |
| Código de idioma | Español |
| 082 ## - Clasificación Decimal Dewey | |
| Número de clasificación | 614.1 Ch539b |
| 100 ## - Entrada principal--Autor personal | |
| Nombre personal | Chinchilla Calderón, Rosaura |
| 9 (RLIN) | 22680 |
| 100 ## - Entrada principal--Autor personal | |
| Nombre personal | García Aguilar, Rosaura |
| 9 (RLIN) | 31699 |
| 245 ## - Título propiamente dicho | |
| Título | Bases de datos de A.D.N. y genética forense: nuevos desafíos para la tutela de los derechos fundamentales |
| 260 ## - Pie de imprenta | |
| Lugar de publicación, distribución, etc. | Costa Rica |
| 260 ## - Pie de imprenta | |
| Nombre del editor, distribuidor, etc. | IJSA |
| 260 ## - Pie de imprenta | |
| Fecha de publicación, distribución, etc. | 2009 |
| 300 ## - Descripción física | |
| Extensión | 197 páginas |
| 505 ## - Nota de contenido | |
| Nota de contenido | Contiene: Declaración Internacional sobre datos genéticos humanos (UNESCO) |
| 505 ## - Nota de contenido | |
| Nota de contenido | Contiene: Declaración Universal sobre Bioética y derechos humanos (UNESCO) |
| 650 ## - Materia general | |
| Temática (materia general) | MEDICINA FORENSE |
| 650 ## - Materia general | |
| Temática (materia general) | ADN |
| 650 ## - Materia general | |
| Temática (materia general) | GENÉTICA FORENSE |
| 650 ## - Materia general | |
| Temática (materia general) | DERECHOS HUMANOS |
| 650 ## - Materia general | |
| Temática (materia general) | PRUEBA PERICIAL |
| 650 ## - Materia general | |
| Temática (materia general) | CADENA DE CUSTODIA |
| 650 ## - Materia general | |
| Temática (materia general) | MAPA GENÉTICO |
| 650 ## - Materia general | |
| Temática (materia general) | ARCHIVO POLICIAL |
| 650 ## - Materia general | |
| Temática (materia general) | BIOÉTICA |
| 650 ## - Materia general | |
| Temática (materia general) | DATOS GENÉTICOS |
| 942 ## - Punto de acceso adicional KOHA | |
| Tipo de ítem KOHA | Libro |
| Fuente del sistema de clasificación o colocación | Dewey Decimal Classification |
| Signatura completa | Código de barras | Programa Académico | Tipo de ítem |
|---|---|---|---|
| 614.1 Ch539b | 17431 | Investigación Criminal | Libro |
| 614.1 Ch539b | 17893 | Investigación Criminal | Libro |